Le système constitutionnel des Etats-Unis d'Amérique : le système constitutionnel actuel /

Gardado en:
Detalles Bibliográficos
Autor Principal: Tunc, André (autor)
Outros autores: Tunc, Suzanne (autor) (autor)
Formato: Libro
Idioma:francés
Series:(Les Systémes de Droit Contemporains ; 5)
Temas:
Etiquetas: Engadir etiqueta
Sen Etiquetas, Sexa o primeiro en etiquetar este rexistro!

MARC

LEADER 00000nam^a2200000^a^4500
001 000122607
005 20250521000000.0
009 20260310094510.011
037 |a Acervo ITESO - Biblioteca 
041 |a FRA 
082 |a 342. 73  |b TUN V. 2 
100 |a Tunc, André  |e (autor) 
240 1 4 |a [Le système constitutionnel des Etats-Unis d'Amérique] 
245 1 3 |a Le système constitutionnel des Etats-Unis d'Amérique :  |b le système constitutionnel actuel /  |c A. Tunc, S. Tunc. 
264 |a París, Francia :  |b Domat,  |c 1954 
300 |a 541 p. 
336 |a texto  |b txt  |2 rdacontenido 
337 |a sin mediación  |b n  |2 rdamedio 
338 |a volumen  |b nc  |2 rdasoporte 
440 5 |a (Les Systémes de Droit Contemporains ;  |v 5) 
649 |a XX 
650 |a Derecho Constitucional -  |z EUA 
650 |a Derecho Público -  |z EUA 
700 |a Tunc, Suzanne  |e (autor) 
910 |a Fondo General 
920 |a Impresos - Libros 
930 |a Colección General 
905 |a 101 
901 |a 0500056750  |b IT1  |c ACC  |u 20250521 
902 |a https://opac.biblio.iteso.mx/vufind/Record/000122607